Animales asombrosos / (Record no. 193647)

MARC details
000 -CABECERA
campo de control de longitud fija 00603nam a2200205 u 4500
005 - FECHA Y HORA DE LA ÚLTIMA TRANSACCIÓN
campo de control 20221115063536.0
008 - ELEMENTOS DE LONGITUD FIJA--INFORMACIÓN GENERAL
campo de control de longitud fija 171109s2006 ea r 000 0 spa d
020 ## - NÚMERO INTERNACIONAL NORMALIZADO PARA LIBROS
Número Internacional Estándar del Libro 0766417018 (10 dígitos)
020 ## - NÚMERO INTERNACIONAL NORMALIZADO PARA LIBROS
Número Internacional Estándar del Libro 9780766417014 (13 dígitos)
035 ## - NÚMERO DE CONTROL DEL SISTEMA
Número de control de sistema UPN01000221550
049 ## - COLECCIÓN
Colección I
050 #4 - SIGNATURA TOPOGRÁFICA DE LA BIBLIOTECA DEL CONGRESO
Número de clasificación QL49
Número de documento/Ítem W3.2
100 1# - ASIENTO PRINCIPAL--NOMBRE PERSONAL
Nombre de persona Wasp, Megan K.
9 (RLIN) 42809
245 10 - MENCIÓN DE TÍTULO
Título Animales asombrosos /
Mención de responsabilidad, etc. Megan K. Wasp.
260 ## - PUBLICACIÓN, DISTRIBUCIÓN, ETC.
Lugar de publicación, distribución, etc. Waterbury, E.U.A. :
Nombre del editor, distribuidor, etc. Abrams & Company,
Fecha de publicación, distribución, etc. c2006.
300 ## - DESCRIPCIÓN FÍSICA
Extensión 14 p. :
Otras características físicas il. col.
440 #0 - MENCIÓN DE SERIE/ASIENTO SECUNDARIO--TÍTULO
Título Big book science
650 #7 - ASIENTO SECUNDARIO DE MATERIA - TERMINO TEMATICO
Término de materia o nombre geográfico como elemento de entrada Animales
Subdivisión de forma Literatura infantil
Fuente del encabezamiento o término
9 (RLIN) 1061
905 ## - TIPO DE MATERIAL
Tipo de material Infantil
Holdings
Estado de retiro Estado de pérdida Fuente del sistema de clasificación o colocación Estado dañado No para préstamo Código de colección Localización permanente Ubicación/localización actual Ubicación en estantería Fecha de adquisición Clasificación Código de barras Fecha visto por última vez Número de copia Tipo de ítem Koha
    Library of Congress Classification     Infantil Bib. Gregorio Torres Quintero Bib. Gregorio Torres Quintero Sala infantil Planta baja 10/05/2023 QL49 W3.2 321438 31/12/2020 1 Libro